=LDR 00000nam 2200000 4500 =001 INLIS000000000019736 =005 20130612114752 =008 ***********************************Ind** =035 ##$$0010-061300000019736 =041 ##$$a Ind =082 ##$$a 519.4 =090 ##$$a 519.4, Lip m =100 ##$$a Lipshutz, Saymoun =245 ##$$a Matematika diskrit, Seymor Lipschuts, Marc Lars Lipson =260 ##$$a 2001 $b Jakarta =300 ##$$a ...jil, ilus, 26 cm =650 ##$$a Matematika =850 ##$$a NBPNMAT